000 005580000a22001810004500
003 MACL
005 20160526135123.0
008 160526b xxu||||| |||| 00| 0 eng d
040 _aMACL
_cMACL
041 _aHindi
082 _a891.432
100 _aशेष,शंकर
_959778
245 _aखजुराहो का शिल्‍पी
_cशंकर शेष
260 _bअपराजिता पब्लिकेशन
_c2008
_aइलाहाबाद
350 _a130
650 _aDrama
_959779
942 _cHIN
_k891.432/SHA
_2ddc
999 _c41268
_d41268